MyGZULibrary

Bove and Davis' diving medicine / (Record no. 10748)

MARC details
000 -LEADER
fixed length control field 03049cam a22003734a 4500
001 - CONTROL NUMBER
control field 13047605
003 - CONTROL NUMBER IDENTIFIER
control field GZU
005 - DATE AND TIME OF LATEST TRANSACTION
control field 20221005110340.0
008 - FIXED-LENGTH DATA ELEMENTS--GENERAL INFORMATION
fixed length control field 030103s2004 paua b 001 0 eng
010 ## - LIBRARY OF CONGRESS CONTROL NUMBER
LC control number 2003041520
020 ## - INTERNATIONAL STANDARD BOOK NUMBER
International Standard Book Number 0721694241
022 ## - INTERNATIONAL STANDARD SERIAL NUMBER
International Standard Serial Number 0721694241
035 ## - SYSTEM CONTROL NUMBER
System control number (DNLM)101163446
040 ## - CATALOGING SOURCE
Original cataloging agency DNLM/DLC
Transcribing agency DLC
Modifying agency DLC
042 ## - AUTHENTICATION CODE
Authentication code pcc
050 00 - LIBRARY OF CONGRESS CALL NUMBER
Classification number RC1005
Item number .BOV 2004
245 00 - TITLE STATEMENT
Title Bove and Davis' diving medicine /
Statement of responsibility, etc. [edited by] Alfred A. Bove.
246 30 - VARYING FORM OF TITLE
Title proper/short title Diving medicine
250 ## - EDITION STATEMENT
Edition statement Fourth edition.
260 ## - PUBLICATION, DISTRIBUTION, ETC.
Place of publication, distribution, etc. Philadelphia :
Name of publisher, distributor, etc. W.B. Saunders,
Date of publication, distribution, etc. c2004.
300 ## - PHYSICAL DESCRIPTION
Extent xx, 623 pages :
Other physical details illustrations ;
Dimensions 27 cm.
504 ## - BIBLIOGRAPHY, ETC. NOTE
Bibliography, etc. note Includes bibliographical references and index.
505 ## - FORMATTED CONTENTS NOTE
Formatted contents note Ch. 1. A short history of diving and diving medicine<br/>Ch. 2. Diving physics<br/>Ch. 3. Diving equipment<br/>Ch. 4. Inert gas exchange and bubbles<br/>Ch. 5. Breath-hold diving<br/>Ch. 6. Mixed-gas diving<br/>Ch. 7. Mechanisms and risks of decompression<br/>Ch. 8. Pathophysiology of decompression sickness<br/>Ch. 9. Pulmonary barotrauma<br/>Ch. 10. Treatment of decompression illness<br/>Ch. 11. Inert gas narcosis and high-pressure nervous syndrome<br/>Ch. 12. Toxicity of oxygen, carbon dioxide, and carbon monoxide<br/>Ch. 13. Hypothermia<br/>Ch. 14. Near drowning<br/>Ch. 15. Marine animal injuries<br/>Ch. 16. Marine poisoning and intoxication<br/>Ch. 17. Human performance underwater<br/>Ch. 18. Medical supervision of diving operations<br/>Ch. 19. Women in diving<br/>Ch. 20. Diving in the elderly and the young<br/>Ch. 21. Aseptic necrosis of bone<br/>Ch. 22. Ear and sinus problems in diving<br/>Ch. 23. Neurologic consequences of diving<br/>Ch. 24. Pulmonary disorders [and diving]<br/>Ch. 25. Cardiovascular disorders and diving<br/>Ch. 26. Diabetes and diving<br/>Ch. 27. Medical evaluation for sport diving<br/>Ch. 28. Medical evaluation of working divers<br/>Ch. 29. U.S. Navy diving equipment and techniques
520 ## - SUMMARY, ETC.
Summary, etc. Diving Medicine has earned a worldwide reputation as the definitive source on diving safety and the management of diving-related health conditions. The New, 4th Edition has been completely revised and updated while still retaining its practical clinical orientation. It covers basic diving physiology the pathophysiology of decompression sickness assessment of physical fitness for diving diagnosis and treatment of diving-related disorders and much more. Discusses special considerations for female, elderly, and pediatric diversCovers diving-related problems in people with pre-existing medical conditions, such as pulmonary, cardiac, and neurologic diseaseIncludes information about marine toxicology
650 #0 - SUBJECT ADDED ENTRY--TOPICAL TERM
Topical term or geographic name entry element Submarine medicine.
650 #0 - SUBJECT ADDED ENTRY--TOPICAL TERM
Topical term or geographic name entry element Diving.
650 12 - SUBJECT ADDED ENTRY--TOPICAL TERM
Topical term or geographic name entry element Diving.
650 22 - SUBJECT ADDED ENTRY--TOPICAL TERM
Topical term or geographic name entry element Naval Medicine.
700 1# - ADDED ENTRY--PERSONAL NAME
Personal name Bove, Alfred A.
Dates associated with a name 1938-
Relator term editor
700 1# - ADDED ENTRY--PERSONAL NAME
Personal name Davis, Jefferson C.
Fuller form of name (Jefferson Carroll),
Dates associated with a name 1932-
Relator term editor
906 ## - LOCAL DATA ELEMENT F, LDF (RLIN)
a 7
b cbc
c orignew
d 1
e ocip
f 20
g y-gencatlg
942 ## - ADDED ENTRY ELEMENTS (KOHA)
Source of classification or shelving scheme Library of Congress Classification
Koha item type Books
Edition Fourth edition
Classification part 1005
Item part BOV
Call number prefix RC
Holdings
Withdrawn status Lost status Source of classification or shelving scheme Damaged status Not for loan Collection code Home library Current library Shelving location Date acquired Source of acquisition Total Checkouts Full call number Barcode Date last seen Copy number Price effective from Koha item type
    Library of Congress Classification     Non-fiction Medical Library Medical Library General Stacks 10/05/2022 Donation from ZIMCHE   RC1005 BOV 2004 032571 10/05/2022 c. 1 10/05/2022 Books